00446nam a2200181Ia 4500008004100000020001800041050001400059100002000073245002500093245004700118260001500165260001600180260000900196300001400205300002700219300001000246500000800256170918s9999 xx 000 0 und d a9780545648738 bA628 1997 aAnthony, Joseph 4aThe dandelion seed / cJoseph Anthony ; illustrated by Cris Abro. aNew York : bScholastic, c1997 aunpaged : bcolored illustration ; c25cm. a490